000 00633nam a2200253Ia 4500
003 OSt
005 20221005114806.0
006 a|||||r|||| 00| 0
007 ta
008 221004b |||||||| |||| 00| 0 kan d
020 _acl06
024 _a60309
037 _cTextual
040 _aCRL
_cCRL
_bkan
041 _2kan
_akan
082 _aO33,3N04,32, L9
100 _aKaranth Sivaram Au.
_9626551
245 0 _aBelada jeeva
260 _c1979
650 _a KANNAD LITERATURE
650 _aKANNAD FICTION
942 _hO33,3N04,32, L9
_cTEXL
_2cc
999 _c1032435
_d1032435